Najlepsi skoczkowie narciarscy pod względem zwycięstw konkursów w PŚ - Statystyki

Ogólne statystyki
  • Ten quiz został rozwiązany 48 razy
  • Średni wynik to 6 z 11
Statystyki odpowiedzi
Liczba zwycięstw Odpowiedź % Poprawnych
39 Kamil Stoch
96%
39 Adam Małysz
93%
44 Stefan Kraft
91%
36 Janne Ahonen
80%
46 Matti Nykänen
71%
32 Ryōyū Kobayashi
69%
25 Halvor Egner Granerud
44%
53 Gregor Schlierenzauer
42%
28 Martin Schmitt
29%
33 Jens Weißflog
20%
25 Andreas Felder
2%
Nie znaleziono quizów pasujących do podanych kryteriów
Rozkład punktacji
Procent ludzi z każdym wynikiem
Percentyl według liczby udzielonych odpowiedzi
Twoja historia wyników
Nie rozwiązałeś tego quizu